000
00302nam a2200109Ia 4500
008
231129s9999||||xx |||||||||||||| ||spa||
082
_a
861.6 J614p (EN PROCESO DE DESCARTE)
100
_a
Jimenez Juan Ramón.
245
0
_a
Primeros libros de Poesía
264
_a
Madrid : Aguilar
942
_2
ddc
_c
BKS
999
_c
23198
_d
23198